| 000 | 00504cam a2200217ua 4500 | ||
|---|---|---|---|
| 001 | 7917 | ||
| 005 | 20260515114253.0 | ||
| 008 | 141230n ii |||gr||||Z||||||hin | ||
| 020 | _a9788170286806 | ||
| 040 | _cMAIN | ||
| 041 | _ahin | ||
| 082 | _a891.434 | ||
| 100 |
_aViraj, _eAuthor. |
||
| 245 | 1 |
_aNibandh-lekhan _cBy Viraj |
|
| 250 | _a1st. | ||
| 260 |
_aDelhi: _bRajpal, _c2006. |
||
| 300 | _a254p. | ||
| 653 | _aEast Indo-European & Celtic literatures | ||
| 653 | _aHindi essays | ||
| 942 | _cBK | ||
| 999 |
_c7032 _d7032 |
||